000 00799nas a22002417a 4500
005 20110404123452.0
006 a|||||r|||||00| 0
007 ta
008 880706c xx u | 00| 0 und
040 _aDLC
_cCarP
_dDLC
245 0 0 _aJournal of Haryana studies.
260 _aKurukshetra,
_bKurukshetra University
_c[n.d.]
300 _av.
_billus.
_c25 cm.
310 _aannual
500 _aSerial.
650 0 _aHaryana
_xPeriodicals. [from old catalog]
_927006
710 1 _aKurukshetra, India.
_bUniversity. [from old catalog]
_927007
270 _aDepartment of Public Administration, Kurukshetra University
_bKurukshetra
906 _bcbc
_cserprem
_du
_encip
_f19
_gy-ilsserca
942 _2ddc
_cSR
_s1
999 _c51408
_d51408